Multiple-Choice-Stadtquiz Berlin - Statistiken

Allgemein
  • Dieses Quiz wurde 5.594 mal gespielt
  • Das Durchschnittsergebnis liegt bei 8 aus 10
Antwortstatistiken
Frage Antwort % Korrekt
Das Bundesland Berlin grenzt nur dieses Bundesland Brandenburg
99%
Die Berliner Mauer fiel im Jahre... 1989
95%
John F. Kennedy sagte den berühmten Satz: „Ich bin ein Berliner“. Was ist ein „Berliner“ außer einer Person aus Berlin? Marmeladenkrapfen
93%
Welcher Fluss fließt durch Berlin? Spree
90%
Wie heißt ein berühmter ehemaliger Grenzübergang in Berlin? Checkpoint Charlie
88%
Berühmte Einkaufsstraße Berlins Kurfürstendamm
75%
In welchem Gebäude sitzt das deutsche Parlament? Reichstagsgebäude
72%
Wohnsitz des Bundespräsidenten Bellevue
70%
In welchem Park liegt die Siegessäule? Tiergarten
67%
Welche dieser Flughäfen gab es nie in Berlin? Berlin-Pankow
38%
Keine übereinstimmenden Quizze gefunden
Verteilung der Resultate
Anzahl Personen mit jedem Resultat
Perzentil nach korrekt beantworteten Fragen
Ihre Resultats-Entwicklung
Sie haben dieses Quiz noch nicht gespielt